Men and social work : (Record no. 9006)
[ view plain ]
| 000 -LEADER | |
|---|---|
| fixed length control field | 01189cam a22003014a 4500 |
| 001 - CONTROL NUMBER | |
| control field | 12367755 |
| 003 - CONTROL NUMBER IDENTIFIER | |
| control field | OSt |
| 005 - DATE AND TIME OF LATEST TRANSACTION | |
| control field | 20240628104754.0 |
| 008 - FIXED-LENGTH DATA ELEMENTS--GENERAL INFORMATION | |
| fixed length control field | 000720s2000 enka f b 001 0 eng |
| 010 ## - LIBRARY OF CONGRESS CONTROL NUMBER | |
| LC control number | 2001339581 |
| 020 ## - INTERNATIONAL STANDARD BOOK NUMBER | |
| International Standard Book Number | 0333690834 (pbk.) |
| 035 ## - SYSTEM CONTROL NUMBER | |
| System control number | (UkLWHE)b000070542 |
| 040 ## - CATALOGING SOURCE | |
| Original cataloging agency | DLC |
| Transcribing agency | MUST |
| Modifying agency | DLC |
| 082 00 - DEWEY DECIMAL CLASSIFICATION NUMBER | |
| Classification number | 361.3 MEN 2001 |
| 245 00 - TITLE STATEMENT | |
| Title | Men and social work : |
| Remainder of title | theories and practices / |
| Statement of responsibility, etc. | edited by Alastair Christie. |
| 260 ## - PUBLICATION, DISTRIBUTION, ETC. (IMPRINT) | |
| Place of publication, distribution, etc. | Houndmills, Basingstoke, Hampshire ; New York, N.Y. : |
| Name of publisher, distributor, etc. | Palgrave, |
| Date of publication, distribution, etc. | 2001. |
| 300 ## - PHYSICAL DESCRIPTION | |
| Extent | ix, 197 p. : |
| Other physical details | ill. ; |
| Dimensions | 22 cm. |
| 504 ## - BIBLIOGRAPHY, ETC. NOTE | |
| Bibliography, etc | Includes bibliographical references (p. 164-186) and index. |
| 650 #0 - SUBJECT ADDED ENTRY--TOPICAL TERM | |
| Topical term or geographic name as entry element | Male social workers |
| Geographic subdivision | Great Britain. |
| 9 (RLIN) | 18296 |
| 650 #0 - SUBJECT ADDED ENTRY--TOPICAL TERM | |
| Topical term or geographic name as entry element | Sex role in the work environment |
| Geographic subdivision | Great Britain. |
| 9 (RLIN) | 18297 |
| 650 #0 - SUBJECT ADDED ENTRY--TOPICAL TERM | |
| Topical term or geographic name as entry element | Social service |
| General subdivision | Sex differences |
| Geographic subdivision | Great Britain. |
| 9 (RLIN) | 18298 |
| 650 #0 - SUBJECT ADDED ENTRY--TOPICAL TERM | |
| Topical term or geographic name as entry element | Social service |
| Geographic subdivision | Great Britain. |
| 9 (RLIN) | 18299 |
| 700 1# - ADDED ENTRY--PERSONAL NAME | |
| Personal name | Christie, Alastair. |
| 9 (RLIN) | 18300 |
| 700 1# - ADDED ENTRY--PERSONAL NAME | |
| Personal name | Campling, Jo. |
| 9 (RLIN) | 18301 |
| 906 ## - LOCAL DATA ELEMENT F, LDF (RLIN) | |
| a | 7 |
| b | cbc |
| c | origres |
| d | 2 |
| e | ncip |
| f | 20 |
| g | y-gencatlg |
| 942 ## - ADDED ENTRY ELEMENTS (KOHA) | |
| Source of classification or shelving scheme | Dewey Decimal Classification |
| Koha item type | Open Shelf |
| Withdrawn status | Lost status | Source of classification or shelving scheme | Damaged status | Not for loan | Home library | Current library | Date acquired | Source of acquisition | Inventory number | Total Checkouts | Full call number | Barcode | Date last seen | Price effective from | Koha item type |
|---|---|---|---|---|---|---|---|---|---|---|---|---|---|---|---|
| Dewey Decimal Classification | MUST Main Library | MUST Main Library | 28/06/2024 | Purchase | 2003/19703 | 361.3 MEN 2001 | 2024-21589 | 28/06/2024 | 28/06/2024 | Open Shelf |
